000
00276nam a2200109Ia 4500
008
200302s9999 xx 000 0 und d
100
_a
Jutta Jain Neubauer
245
_a
Water Design : Environment and Histories
260
_b
Marg Publishing
260
_c
2016
300
_a
141 P.,
999
_c
4987
_d
4987